|
|
|
|
| LEADER |
00000nam0a2200000 4500 |
| 001 |
283479 |
| 005 |
20231101235612.0 |
| 035 |
|
|
|a (RuTPU)RU\TPU\book\307558
|
| 090 |
|
|
|a 283479
|
| 100 |
|
|
|a 20150206d1984 km y0rusy50 ca
|
| 101 |
0 |
|
|a rus
|
| 102 |
|
|
|a RU
|
| 105 |
|
|
|a a z 001zy
|
| 200 |
1 |
|
|a Фазовые цифровые преобразователи угла
|f В. П. Петропавловский, Н. В. Синицын
|
| 210 |
|
|
|a Москва
|c Машиностроение
|d 1984
|
| 215 |
|
|
|a 136 с.
|c ил.
|
| 225 |
1 |
|
|a Библиотека приборостроителя
|
| 320 |
|
|
|a Библиогр.: с. 135-136
|
| 606 |
1 |
|
|a Преобразователи
|x В системах регулирования
|2 stltpush
|3 (RuTPU)RU\TPU\subj\51170
|9 69773
|
| 610 |
1 |
|
|a фазовые преобразования
|
| 610 |
1 |
|
|a цифровые преобразователи
|
| 610 |
1 |
|
|a датчики
|
| 610 |
1 |
|
|a углы
|
| 610 |
1 |
|
|a фазовые соотношения
|
| 610 |
1 |
|
|a настройки
|
| 610 |
1 |
|
|a схемы
|
| 675 |
|
|
|a 681.586
|v 3
|
| 700 |
|
1 |
|a Петропавловский
|b В. П.
|g Владимир Петрович
|
| 701 |
|
1 |
|a Синицын
|b Н. В.
|g Николай Владимирович
|
| 801 |
|
1 |
|a RU
|b 63413507
|c 20150206
|
| 801 |
|
2 |
|a RU
|b 63413507
|c 20170926
|g RCR
|
| 942 |
|
|
|c BK
|